000
00345nam a2200145Ia 4500
008
240624s9999 xx 000 0 und d
041
_a
eng
082
_a
332.6 BAK
100
_a
BAKER H KENT
245
_a
PORTFOLIO THEORY AND MANAGEMENT
260
_c
2013
300
_a
xxxii, 767 p. : , ill. ; , 24 cm.
365
_c
BPS
_b
38
440
_v
1
999
_c
29133
_d
29133